| Tag |
First Indicator |
Second Indicator |
Subfields |
| LEADER |
00000cgm a2200000 a 4500 |
| 001 |
in00000764483 |
| 005 |
20151017052641.0 |
| 007 |
vf cbaho| |
| 008 |
831022p19831982xxu093|g||||| 0vleng d |
| 035 |
|
|
|a (OCoLC)10047111
|
| 035 |
|
|
|9 ADL1224AM
|
| 040 |
|
|
|a FPL
|c FPL
|d OCL
|d TXA
|d UtOrBLW
|
| 049 |
|
|
|a TXAV
|c [A10148815]
|
| 090 |
|
|
|a PN1995.9.C55
|b G74 1983
|
| 245 |
0 |
0 |
|a Gregory's girl /
|c National Film Finance and Scottish Television Ltd ; produced by Davina Belling and Clive Parsons ; written and directed by Bill Forsyth.
|
| 264 |
|
1 |
|a Los Angeles, Calif. :
|b Embassy Home Entertainment,
|c [1983?]
|
| 300 |
|
|
|a 1 videocassette (93 min.) :
|b sound, color ;
|c 1/2 in.
|
| 336 |
|
|
|a two-dimensional moving image
|b tdi
|2 rdacontent
|
| 337 |
|
|
|a video
|b v
|2 rdamedia
|
| 338 |
|
|
|a videocassette
|b vf
|2 rdacarrier
|
| 538 |
|
|
|a VHS format.
|
| 511 |
1 |
|
|a Gordon John Sinclair, Dee Hepburn, Clare Grogan, Jake D'Arcy, Chic Murray.
|
| 508 |
|
|
|a Director of photography, Michael Coulter ; editor, John Gow ; original music by Colin Tully.
|
| 500 |
|
|
|a Videocassette release of the 1982 motion picture.
|
| 520 |
|
|
|a Sixteen-year-old Gregory has his first encounter with girls. Gregory's love-life takes off with his infatuation with Dorothy, the first female player on his all-male soccer team. While waiting for her to meet him one evening, Gregory winds up becoming a pawn in an elaborate date relay set up by some of his female classmates. He's confused, but loves every minute of it as he gets to know Susan who, it turns out, has had designs on him all along.
|
| 500 |
|
|
|a "3005."
|
| 500 |
|
|
|a Videorecording.
|
| 650 |
|
0 |
|a Comedy films.
|
| 650 |
|
0 |
|a Feature films.
|
| 700 |
1 |
|
|a Sinclair, Gordon John.
|
| 700 |
1 |
|
|a Hepburn, Dee.
|
| 700 |
1 |
|
|a Grogan, Clare.
|
| 710 |
2 |
|
|a National Film Finance Corporation.
|
| 710 |
2 |
|
|a Scottish Television Ltd.
|
| 710 |
2 |
|
|a Embassy Home Entertainment (Firm)
|
| 999 |
|
|
|a MARS
|
| 999 |
f |
f |
|s a3185298-536b-3d27-82cd-075d12342162
|i 8da976b7-39d4-33a1-bd15-984704e7d049
|t 0
|
| 952 |
f |
f |
|p ric
|a Texas A&M University
|b Rellis Campus
|c Joint Library Facility
|d Remote Storage
|t 0
|e PN1995.9.C55 G74 1983
|h Library of Congress classification
|i video -- videocassette
|m A14810148815
|
| 998 |
f |
f |
|a PN1995.9.C55 G74 1983
|t 0
|l Remote Storage
|